|
|
|
|
| LEADER |
01225nam a2200265 a 4500 |
| 001 |
GR-MES520 |
| 008 |
991111s1991 gr 000 0 gre d |
| 040 |
|
|
|a GrPaTEI
|b gre
|c GR-PaULI
|
| 245 |
0 |
0 |
|a Οικονομική θεωρία και τεχνολογία.
|
| 260 |
|
|
|a Αθήνα :
|b Gutenberg,
|c 1991 c1991
|
| 300 |
|
|
|a 404 σελ. :
|b σχημ.
|
| 500 |
|
|
|a Περιλαμβάνει βιβλιογραφικές αναφορές
|
| 650 |
|
4 |
|a Οικονομία
|
| 700 |
1 |
|
|a Bell, G.
|
| 700 |
1 |
|
|a Chesnais, Fr.
|
| 700 |
1 |
|
|a Coombs, R.
|
| 700 |
1 |
|
|a Dosi, G.
|
| 700 |
1 |
|
|a Γιαννίτσης, Τάσος,
|d 1944-
|
| 700 |
1 |
|
|a Ουζουνίδης, Δημήτριος Ν.
|
| 700 |
1 |
|
|a Σταματάκης, Νικηφόρος,
|d 1945-
|
| 942 |
|
|
|2 ddc
|
| 952 |
|
|
|0 0
|1 0
|2 ddc
|4 0
|6 338_900000000000000_BEL
|7 0
|9 263762
|a MSLG
|b MSLG
|c BSC
|d 2021-01-17
|e 24
|f 0
|g 0.00
|l 0
|o 338.9 BEL
|p 2420000001936
|r 2021-01-17 00:00:00
|t 1
|w 2021-01-17
|y BK15
|x 19991111 0 1
|x GrPaTEI
|
| 952 |
|
|
|0 0
|1 0
|2 ddc
|4 0
|6 338_900000000000000_BEL
|7 0
|9 263763
|a MSLG
|b MSLG
|c BSC
|d 2021-01-17
|e 24
|f 0
|g 0.00
|l 0
|o 338.9 BEL
|p 2420000006989
|r 2021-01-17 00:00:00
|t 1
|w 2021-01-17
|y BK15
|x 19991111 0 1
|x GrPaTEI
|
| 971 |
|
|
|a .b25715616
|b 16-04-20
|c 13-09-16
|
| 999 |
|
|
|c 151870
|d 151870
|